Zweitmeiste Meisterschaften in europäischen Ligen - Statistiken

Allgemein
  • Dieses Quiz wurde 78 mal gespielt
  • Das Durchschnittsergebnis liegt bei 11 aus 15
Antwortstatistiken
Nation Anzahl Meisterschaften Club % Korrekt
Spanien 28 FC Barcelona
96%
Italien 20 Inter Mailand
94%
Portugal 30 FC Porto
91%
Frankreich 10 Olympique Marseille / AS Saint-Etienne
87%
Niederlande 23 PSV Eindhoven
87%
England 13 Arsenal FC
83%
Belgien 19 Club Brügge
81%
Deutschland 9 1. FC Nürnberg
76%
Schweiz 21 FC Basel
76%
Türkei 19 Fenerbahçe
76%
Österreich 24 Austria Wien
73%
Tschechien 13 Slavia Prag
61%
Dänemark 11 Brøndby IF
59%
Griechenland 17 Panathinaikos Athen
49%
Polen 14 Górnik Zabrze / Ruch Chorzów
13%
Keine übereinstimmenden Quizze gefunden
Verteilung der Resultate
Anzahl Personen mit jedem Resultat
Perzentil nach korrekt beantworteten Fragen
Ihre Resultats-Entwicklung
Sie haben dieses Quiz noch nicht gespielt